000 01294nam a22003737a 4500
003 CHAP
005 20220329135444.0
008 971013s1988 r 00010 d
010 _a36795
011 _a37767
035 _a41887
040 _cCHAP
090 _aTesis
100 0 0 _aOrtiz Hernández, Yolanda Donají.
_983989
245 _aEfecto del ácido giberélico y auxinas en el fruto de nopaal tunero (Opuntia a myclaea T.)
260 _aChapingo, Méx. :
_bEl autor,
_c1988
300 _a141 h.
_b: ilus. ; gráfs.
502 _aTesis (M. C. Esp. en Fruticultura) -- Colegio de Postgraduados. Centro de Fruticultura
590 _aALEPH
_b10
_c20130110
_lUCH01
_h1302
590 _aBATCH-UPD
_b10
_c20130110
_lUCH01
_h0123
590 _aBATCH-UPD
_b10
_c20130110
_lUCH01
_h1021
590 _aBATCH-UPD
_b10
_c20130409
_lUCH01
_h2117
590 _aBATCH-UPD
_b10
_c20130914
_lUCH01
_h0429
590 _aCONVERSION
_b10
_c20130109
_lUCH01
_h1321
650 1 4 _aAuxinas.
_98437
650 1 4 _aNopal.
_981647
650 1 4 _aPlantas
_xCrecimiento
_xAditivos.
_988804
650 1 4 _aSemillas
_xRendimiento.
_9103930
650 1 4 _aTuna.
_9115544
901 _aBK
942 _cFOLL
949 _bBC
_cTES
_d-96312
_eTS1
_h19988
_i41887
_si
949 _bBC
_cTES
_d33724000606406
_eTS2
_fc.2
_h19989
_i41887
_si
999 _c36795
_d36795